The legal foundations of public administration /

Bibliographic Details
Main Author: Barry, Donald D.
Other Authors: Whitcomb, Howard R., 1939-
Format: Book
Language:English
Published: St. Paul, Minn. : West Pub. Co., 1981.
Subjects:

MARC

Tag First Indicator Second Indicator Subfields
LEADER 00000pam a2200000 a 4500
001 in00000072106
005 20151008062541.0
008 801112s1981 mnu b 00110 engm
010 |a  80039909  
020 |a 0829921206 :  |c $17.95 
035 |a (OCoLC)07007086 
035 |9 AAK0466AM 
040 |a DLC  |c DLC  |d m.c.  |d TXA  |d UtOrBLW 
043 |a n-us--- 
049 |a TXAM  |c [1361382] 
050 0 0 |a KF5402  |b .B37 
082 0 |a 342.73/06  |2 19 
100 1 |a Barry, Donald D. 
245 1 4 |a The legal foundations of public administration /  |c by Donald D. Barry, Howard R. Whitcomb. 
246 3 0 |a Public administration 
264 1 |a St. Paul, Minn. :  |b West Pub. Co.,  |c 1981. 
300 |a xvii, 390 pages ;  |c 26 cm. 
336 |a text  |b txt  |2 rdacontent 
337 |a unmediated  |b n  |2 rdamedia 
338 |a volume  |b nc  |2 rdacarrier 
504 |a Includes bibliographical references and index. 
536 |a Dr. Paul P. Van Riper collection, Department of Political Science. 
650 0 |a Administrative law  |z United States. 
650 0 |a Administrative procedure  |z United States. 
650 0 |a Public administration  |z United States. 
700 1 |a Whitcomb, Howard R.,  |d 1939- 
999 |a MARS 
999 f f |s 903aeb0a-a6ab-3e87-a0f4-42f544ea181c  |i 34efa479-8323-30c6-b015-ae24a7d4624c  |t 0 
952 f f |p ric  |a Texas A&M University  |b Rellis Campus  |c Joint Library Facility  |d Remote Storage  |t 0  |e KF5402 .B37  |h Library of Congress classification  |i unmediated -- volume  |m A14806156513 
998 f f |a KF5402 .B37  |t 0  |l Remote Storage